00454nam a2200157 a 4500008004100000100001900041245005600060260003700116300002900153500002000182504004100202650002600243003000100269005001700270040000900287  a Khurmi, R. S. 0aFundamentals of engineering geology /cR.S. Khurmi. aNew Dehli :bJ. C. Kapur,c1992. a252 p. :bill. ;c21 cm. aIncludes index. aIncludes bibliographical references. aGeologyxEngineering.20230123134103.0 cNUST